LIBRARY & INFORMATION CENTRE, KCAET, TAVANUR

ONLINE PUBLIC ACCESS CATALOGUE (OPAC)

Agri-business: marketing and management (Record no. 14836)

MARC details
000 -LEADER
fixed length control field 00302nam a22001217a 4500
020 ## - INTERNATIONAL STANDARD BOOK NUMBER
ISBN 9789350300824
082 ## - DEWEY DECIMAL CLASSIFICATION NUMBER
Classification number 630.33
Item number CHO/AG
100 ## - MAIN ENTRY--AUTHOR NAME
Personal name Choudhary, S N
245 ## - TITLE STATEMENT
Title Agri-business: marketing and management
260 ## - PUBLICATION, DISTRIBUTION, ETC. (IMPRINT)
Place of publication New Delhi
Name of publisher Oxford Book Company
Year of publication 2012
300 ## - PHYSICAL DESCRIPTION
Number of Pages 288p
942 ## - ADDED ENTRY ELEMENTS (KOHA)
Koha item type Books
Holdings
Withdrawn status Lost status Damaged status Collection code Home library Current library Shelving location Date acquired Cost, normal purchase price Full call number Accession Number Koha item type
        KAUAET KAUAET General Stacks 01/08/2017 2295.00 630.33 CHO/AG 24563 Books
free website counter